| 000 | 00353nam a2200145Ia 4500 | ||
|---|---|---|---|
| 008 | 230312s9999||||xx |||||||||||||| ||und|| | ||
| 020 | _a81-8473-626-7 | ||
| 082 |
_a615 _bSNE-C |
||
| 100 | _aSnell;Richard.S | ||
| 245 | 0 | _aClinical Anatomy By Regions | |
| 260 |
_bLippincott _aIndia _c2012 |
||
| 300 | _a754 | ||
| 650 |
_aMedical _vAnatomy |
||
| 942 | _cBK | ||
| 999 |
_c10243 _d10243 |
||